[Event "FRA Cup"]
[Site "Hautes Pyrenees"]
[Date "2002.12.15"]
[Round "2"]
[White "Durand, Stephane"]
[Black "Phalippou, Philippe"]
[Result "0-1"]
[WhiteElo "1670"]
[BlackElo "1450"]
[PlyCount "63"]
[EventDate "2002.12.15"]
[EventType "team"]
[EventRounds "3"]
[EventCountry "FRA"]
[SourceTitle "EXT 2004"]
[Source "ChessBase"]
[SourceDate "2003.11.25"]
[SourceVersion "1"]
[SourceVersionDate "2003.11.25"]
[SourceQuality "1"]

1. e4 c5 2. Nf3 Nc6 3. Bc4 Nf6 4. d3 d6 5. Ng5 Ne5 6. Bb3 h6 7. Nf3 Bg4 8. Ba4+ Nfd7 9. Nbd2 Qa5 10. Bxd7+ Nxd7 11. 0-0 Ne5 12. h3 Nxf3+ 13. Nxf3 Bd7 14. Bd2 Qc7 15. Bc3 e5 16. a3 Be7 17. Bd2 g5 18. g4 f6 19. c3 h5 20. Nh2 hxg4 21. Nxg4 Rxh3 22. Kg2 Rh4 23. Ne3 Bh3+ 24. Kg3 Bxf1 25. Qxf1 0-0-0 26. Nf5 Rh7 27. Kf3 d5 28. Be3 dxe4+ 29. dxe4 Rdh8 30. Rc1 Rh3+ 31. Ng3 Qd7 32. Qc4 0-1